Statistiques concernant Les Français sur le podium du Ballon d'Or

Cliquez ici pour prendre le quiz!

Statistiques générales

  • Ce quiz a été pris 145 fois
  • Le résultat moyen est 9 sur 12

Statistiques - réponses

Meilleur classementNom du joueur% Correct
VainqueurZinédine Zidane
100%
VainqueurKarim Benzema
97%
VainqueurMichel Platini
95%
3Antoine Griezmann
91%
2Thierry Henry
87%
VainqueurJean-Pierre Papin
84%
3Frank Ribéry
76%
VainqueurRaymond Kopa
69%
3Just Fontaine
64%
3Eric Cantona
48%
2Alain Giresse
31%
2Jean Tigana
22%

Distribution des résultats

Percentile par nombre de réponses

% des personnes avec chaque résultat

Votre développement - résultats

Vous n’avez pas pris ce quiz